[Event "Neckar op-C 7th"]
[Site "Deizisau"]
[Date "2003.04.20"]
[Round "7"]
[White "Funk, Patrick"]
[Black "Saur, Philip"]
[Result "1/2-1/2"]
[WhiteElo "1398"]
[BlackElo "1294"]
[PlyCount "32"]
[EventDate "2003.04.18"]
[EventType "swiss"]
[EventRounds "6"]
[EventCountry "GER"]
[SourceTitle "CBM 093 Extra"]
[Source "ChessBase"]
[SourceDate "2003.05.09"]
[SourceVersion "1"]
[SourceVersionDate "2003.05.09"]
[SourceQuality "1"]

1. c4 g6 2. Nc3 Bg7 3. Nf3 d6 4. d4 Nf6 5. Bf4 Bf5 6. h3 Ne4 7. Qb3 b6 8. Nxe4 Bxe4 9. Qe3 Bb7 10. Bh6 0-0 11. Bxg7 Kxg7 12. h4 h5 13. d5 Nd7 14. Qd4+ Nf6 15. Ng5 c5 16. Qc3 Bc8 1/2-1/2